TV Shows by Bedroom Scene Quiz Stats

 Plays Quiz Updated Jul 2, 2017

Support Sporcle.
Go Orange.
Score 0/20 Timer 06:00
1 Play Today
% Correct
The Big Bang Theory
96.9%
Friends
94%
Game of Thrones
89.4%
Two and a Half Men
88.6%
That '70s Show
84.1%
Modern Family
82.8%
2 Broke Girls
82.7%
Hannah Montana
75.7%
How I Met Your Mother
73.1%
Mad Men
62.7%
% Correct
The Mindy Project
59.8%
Downton Abbey
58.2%
Boardwalk Empire
56.3%
The Handmaid's Tale
51.4%
Smallville
50.5%
Pretty Little Liars
48.2%
Arrested Development
47.4%
Jane the Virgin
46.8%
The O.C.
37.2%
True Detective
29%

You're not logged in!

Compare scores with friends on all Sporcle quizzes.
OR
Log In
Forgot?

From the Vault

Disappointing Sequels

by gingerlover

Aren't sequels always kind of disappointing?
Remove Ads.
Support Sporcle.
Get the best of Sporcle when you Go Orange. This ad-free experience offers more features, more stats, and more fun while also helping to support Sporcle. Thank you for becoming a member.

Show Comments

Extras

Top Quizzes Today


Score Distribution

Your Account Isn't Verified!

In order to create a playlist on Sporcle, you need to verify the email address you used during registration. Go to your Sporcle Settings to finish the process.

Report this User

Report this user for behavior that violates our Community Guidelines.

Details: